| 000 | 00659nam a2200193Ia 4500 | ||
|---|---|---|---|
| 008 | 151121s9999||||xx |||||||||||||| ||und|| | ||
| 082 | _a818/शेवडे | ||
| 082 | _bHNW-59079 | ||
| 100 | _aशेवडे गुरुजी | ||
| 245 | _aकाही आगळ्या आठवणी | ||
| 260 | _b"शिवसंस्कार, कोल्हापूर।" | ||
| 260 | _c-- | ||
| 300 | _a76 | ||
| 600 | _aशेवडे गुरुजी | ||
| 630 | _aकाही आगळ्या आठवणी | ||
| 700 | _aशेवडे गुरुजी | ||
| 730 | _aकाही आगळ्या आठवणी | ||
| 942 | _cBOOK | ||
| 999 |
_c1240864 _d1240861 |
||